Plánovanie a tvorba cien

Salvato in:
Dettagli Bibliografici
Ente Autore: Vysoká škola ekonomická v Bratislave. Národohospodárska fakulta
Natura: Libro
Lingua:slovacco
Pubblicazione: Bratislava Vysoká škola ekonomická 1985
Tags: Aggiungi Tag
Nessun Tag, puoi essere il primo ad aggiungerne!!

MARC

LEADER 00000nam a2200000 4500
001 c110130
005 20190109141817.7
041 0 |a slo 
044 |a SK 
245 1 0 |a Plánovanie a tvorba cien 
264 1 |a Bratislava  |b Vysoká škola ekonomická  |c 1985 
300 |a 260 s. 
710 2 |a Vysoká škola ekonomická v Bratislave. Národohospodárska fakulta